000 00760nam0a2200241 4500
001 RU\NLR\BIBL_A\011177454
005 20190619114046.0
035 _a(NLR Aleph) 011177454
090 _a11800153
_c11800153
100 _a20160718d1988 muey0rusy50 ca
101 0 _ainh
102 _aRU
105 _ac z 000 y
200 1 _aХержараш
_fСаIид Чахкиев
210 _aГрозный
_cНохч-ГIалгIай кн. изд-во
_d1988
215 _a302, [2] с.
_cпортр.
_d15
541 1 _aИзбранное
_zrus
686 1 _aШ6(2=И)7-5
700 1 _aЧахкиев
_bС. И.
_f1938-
_gСаид Идрисович
_4070
852 _aNLR
_bОНЛ
_jИнгуш./1-106
942 _cBOOK
980 _aNB